| 000 | 00436nam a2200181Ia 4500 | ||
|---|---|---|---|
| 005 | 20240823042311.0 | ||
| 008 | 240823s9999||||xx |||||||||||||| ||und|| | ||
| 041 | _aENGLISH | ||
| 082 | _A001.42 N2 | ||
| 100 | _aKumar | ||
| 245 | 0 | _aMethods and techniques of Social Research | |
| 250 | _a1st | ||
| 260 |
_c1992 _b"Lakshmi,Agra" |
||
| 500 | _aYES | ||
| 650 |
_aSocial Science _bManagement Studies |
||
| 942 | _cBK | ||
| 999 |
_c207543 _d207543 |
||